Normal view
MARC view
Entry Personal Name
001 - CONTROL NUMBER
- control field: 15965
003 - CONTROL NUMBER IDENTIFIER
- control field: BD-RjUL
005 - DATE AND TIME OF LATEST TRANSACTION
- control field: 20250709155910.0
008 - FIXED-LENGTH DATA ELEMENTS
- fixed length control field: 250709|| aca||aabn | a|a d
040 ## - CATALOGING SOURCE
- Original cataloging agency: BD-RjUL
- Transcribing agency: BD-RjUL
100 ## - HEADING--PERSONAL NAME
- Personal name: ندوي، سيد سليمان
670 ## - SOURCE DATA FOUND
- Source citation: Work cat.: (BD-RjUL)80489: شبلي، محمد نعماني،,. 5124, انتخابات شبلى : يعنى مولانا شبلى كى شعر العجم اور موازنه كا انتخاب جس مين كلام كى حسن وقبح اور عيب وهنر اور شعر كى حقيقت اور اصول تنقيد كى تشريح كى گئى هى # # aintikhabat shublaa : yuenaa mwlana shublaa kaa shier aleajam awr mawazinah ka aintikhab jasi min[sic] kalam kaa hasan waqubh awr eayb wahinr awar shaer kaa haqiqat awr aswl tanqid kaa tashrih kaa gya haaا / , 1982